Movies Quiz

Random Movies or Actor Quiz
Score 0/20 Timer 05:00
1 Play Today
Hint Film % Correct
Heath Dark Wayne

The Dark Knight
96.3%
Future Fox McFly

Back to the Future
95%
Judy Wizard Lion

The Wizard of Oz
94%
Mean Regina Lohan

Mean Girls
91.6%
Scar King Whoopi

The Lion King
88.3%
Peeta Lawrence Games

The Hunger Games
87.4%
Andrews Music Liesl

The Sound of Music
87.2%
Darcy Pride Knightley

Pride and Prejudice
84.8%
Yun-Fat Crouching Jade

Crouching Tiger Hidden Dragon
83.9%
Dirty Baby Patrick

Dirty Dancing
83.5%
Hint Film % Correct
Dr. James Connery

Dr. No
75.2%
Emilio Claire Club

The Breakfast Club
74.6%
Angry Juror Fonda

12 Angry Men
71.4%
Nest Jack Ratched

One Flew Over the Cuckoo's Nest
70%
Bride Cary Inigo

The Princess Bride
66.3%
Gordie Stand Feldman

Stand By Me
56.8%
Hot Sugar Lemmon

Some Like it Hot
55.6%
Men Cruise Jessup

A Few Good Men
53.4%
Peter Happened Claudette

It Happened One Night
45.3%
Grant Philadelphia Lord

The Philadelphia Story
45%
Remove Ads.
Support Sporcle.
Get the best of Sporcle when you Go Orange. This ad-free experience offers more features, more stats, and more fun while also helping to support Sporcle. Thank you for becoming a member.

You're not logged in!

Compare scores with friends on all Sporcle quizzes.
OR
Log In

Show Comments

Extras

Top Quizzes Today


Score Distribution

Your Account Isn't Verified!

In order to create a playlist on Sporcle, you need to verify the email address you used during registration. Go to your Sporcle Settings to finish the process.

Report this User

Report this user for behavior that violates our Community Guidelines.

Details: